• 首页
  • 本馆介绍
  • 公告通知
  • 最新文献
  • 馆藏检索
  • 电子资源
  • 读者导购
  • 参考咨询
  • 我的图书馆
  • 登录
  • 详细信息显示
  • 放入我的书架
  • 预约/预借图书
  • 作者相关作品
  • 分类相关作品
  • 丛书相关作品
  • 出版社相关作品

书目信息

  • 表格格式
  • 工作单格式
  • 卡片格式
题名:
经贸报刊选读
    
 
作者: 束光辉 主编
分册:  
出版信息: 北京   清华大学出版社  2008
页数: 353页
开本: 23cm
丛书名:
单 册:
中图分类: H319.4:F
科图分类:
主题词: 经济--英语--阅读教学--高等学校--教材 , 英语 , 经济 , 阅读教学
电子资源:
ISBN: 978-7-81123-330-8
000 01092nam0 2200277 45
005 20100303160344.76
010    @a978-7-81123-330-8@dCNY32.00
100    @a20091205d2008 em y0chiy0110 ea
101 0  @achi@aeng
102    @aCN@b110000
105    @ay z 000yy
106    @ar
200 1  @a经贸报刊选读@AJing Mao Bao Kan Xuan Dou@dReading course of business English news publications@f束光辉主编@FShu Guang Hui Zhu Bian@zeng
210    @a北京@c清华大学出版社@c北京交通大学出版社@d2008
215    @a353页@d23cm
300    @a新体验商务英语系列教材
330    @a本教材所选材料均来自英、美等国家近两年来主要的商业刊物,并按主题分为9个单元,包括中国对外贸易和经济、地区经济与行业、金融发展与战略、营销与管理、人力资源、企业文化、企业家、贸易机构与合作等。
510 1  @aReading course of business English news publications@zeng
606 0  @a经济@x英语@x阅读教学@x高等学校@j教材
606 0  @a英语
606 0  @a经济
606 0  @a阅读教学
690    @aH319.4:F@v4
701  0 @a束光辉@AShu Guang Hui@4主编
801  0 @aCN@bTANGWEI@c20100303
905    @b0583773-77@dH319.4:F@e1552@f5
    
    经贸报刊选读=Reading course of business English news publications/束光辉主编.-北京:清华大学出版社:北京交通大学出版社,2008
    353页;23cm
    新体验商务英语系列教材
    
    ISBN 978-7-81123-330-8:CNY32.00
    本教材所选材料均来自英、美等国家近两年来主要的商业刊物,并按主题分为9个单元,包括中国对外贸易和经济、地区经济与行业、金融发展与战略、营销与管理、人力资源、企业文化、企业家、贸易机构与合作等。
●
相关链接 在E读中查询图书 在五车中查询图书 在当当中查询图书 在豆瓣中查询图书


正题名:经贸报刊选读     索取号:H319.4:F/1552         预约/预借

序号 登录号 条形码 馆藏地/架位号 状态 备注
1 0583773   205837736   第二样本阅览室/ [索取号:H319.4:F/1552] 在馆    
2 0583774   205837745   第四借阅区/ [索取号:H319.4:F/1552] 在馆    
3 0583775   205837754   第四借阅区/ [索取号:H319.4:F/1552] 在馆    
4 0583776   205837763   第四借阅区/ [索取号:H319.4:F/1552] 在馆    
5 0583777   205837772   第四借阅区/ [索取号:H319.4:F/1552] 在馆    
唐山师范学院图书馆 欢迎您!
大连网信软件有限公司© 版权所有